Central Library OPAC University of Rajshahi

Bioinformatics methods and applications : (Record no. 36874)

MARC details
000 -LEADER
fixed length control field 00814nam a22002417a 4500
001 - CONTROL NUMBER
control field 36874
003 - CONTROL NUMBER IDENTIFIER
rucl marc code BD-RjUL
005 - DATE AND TIME OF LATEST TRANSACTION
control field 20211209052543.0
008 - FIXED-LENGTH DATA ELEMENTS--GENERAL INFORMATION
fixed length control field 140922s2008 II a|||| |||| 00| 0 eng d
020 ## - INTERNATIONAL STANDARD BOOK NUMBER
International Standard Book Number 8120330625
040 ## - CATALOGING SOURCE
Original cataloging agency BD-RjUL
Transcribing agency BD-RjUL
082 ## - DEWEY DECIMAL CLASSIFICATION NUMBER
Edition number 22
Classification number 572.80285
100 ## - MAIN ENTRY--PERSONAL NAME
Personal name Rastogi, S. C.
9 (RLIN) 112530
245 10 - TITLE STATEMENT
Title Bioinformatics methods and applications :
Remainder of title genomics, proteomics and drug discovery /
Statement of responsibility, etc. S. C. Rastogi ; N. Mendiratta ; P. Rastogi.
250 ## - EDITION STATEMENT
Edition statement 3rd ed.
260 ## - PUBLICATION, DISTRIBUTION, ETC. (IMPRINT)
Place of publication, distribution, etc. New Delhi :
Name of publisher, distributor, etc. PHI Learning Private Limited,
Date of publication, distribution, etc. C2008
300 ## - PHYSICAL DESCRIPTION
Pagination xvi, 524 p. :
Illustrations ill. ;
Size 24 cm.
500 ## - GENERAL NOTE
General note "Eastern Economy Edition" -- Cover.
650 ## - SUBJECT ADDED ENTRY--TOPICAL TERM
Topical term or geographic name as entry element Bioinformatics.
9 (RLIN) 112531
700 ## - ADDED ENTRY--PERSONAL NAME
Personal name Mendiratta, Namita
Personal name Rastogi, Parag
942 ## - ADDED ENTRY ELEMENTS (KOHA)
Source of classification or shelving scheme Dewey Decimal Classification
Koha item type Books
Holdings
Lost status Source of classification or shelving scheme Damaged status Not for loan Permanent Location Current Location Shelving location Date acquired Total Checkouts Full call number Date last seen Copy number Koha item type
  Dewey Decimal Classification   Not For Loan Institute of Biological Sciences (IBSc) Library Institute of Biological Sciences (IBSc) Library   22/09/2014   572.80285 RAB 2008 22/09/2014 C-1 Books